| 000 | 01609nam0a2200325 i 4500 | ||
|---|---|---|---|
| 001 | RU\NLR\BIBL_A\010027265 | ||
| 005 | 20260406094320.0 | ||
| 010 |
_a9785815912090 _95000 |
||
| 021 |
_aRU _b2013-97402 _96757 |
||
| 035 | _a(NILC)RuMoRGB-006707638 | ||
| 035 | _a(NLR Aleph) 010027265 | ||
| 090 |
_a9930783 _c9930783 |
||
| 100 | _a20140131d2013 um y0rusy50 ca | ||
| 101 | 1 |
_arus _ceng |
|
| 102 | _aRU | ||
| 105 | _ay|||||||||||| | ||
| 200 | 1 |
_aО всех созданиях - прекрасных и разумных _e[рассказы] _fДжеймс Хэрриот _g[пер. с англ. И. Г. Гуровой] |
|
| 205 | _a[Переизд.] | ||
| 210 |
_aМосква _cЗахаров _d2013 |
||
| 215 |
_a362, [1] с. _d21 |
||
| 327 | 0 | _aСодерж.: Интересный визит к мистеру Кендаллу; Искусство лечить не просыпаясь; Джок, самая быстрая собака; Стойкий ягненок Герберт; Пес-великан; Беда всегда ходит циклонами; Свинья Пруденция свою выгоду знает; Кольцо в нос за двадцать минут; Друзья и враги домашнего вина; Собака миссис Донован [и др.] | |
| 675 | _a821.111-32 | ||
| 686 | 1 | _aШ6(4Вл)67-440.5(Лх1299-80) | |
| 700 | 1 |
_aХэрриот _bД. _f1916-1995 _gДжеймс _3RU\NLR\AUTH\7768676 _951604 |
|
| 801 | 0 |
_aRU _bRuMoRKP _c20131205 _gRCR |
|
| 801 | 2 |
_aRU _bРГБ _c20131216 _grcr |
|
| 942 | _cBOOK | ||
| 980 | _aNBR | ||